000 00517nam a2200169 i 4500
001 35633
003 ES-MaACL
005 20230911063133.0
007 t|
008 030213s1918 sp ||||1| spa d
100 1 _aBosch Millares, Juan,
_d1893-1983
_930662
245 1 3 _aEl ácido úrico en el organismo humano /
_cJuan Bosch Millares.
260 _aMadrid :
_b[s.n.,
_c1918]
500 _aArtículo premiado por "Los Progresos de la Clínica"
852 _aES-MaACL
_j1525-F-20
999 _c35633
_d35633